10 Most Populous Cities in Illinois - Statistics

General Stats
  • This quiz has been taken 18 times
  • The average score is 7 of 10
Answer Stats
Population City % Correct
2,638,159 Chicago
100%
111,959 Springfield
94%
109,665 Peoria
82%
176,679 Aurora
76%
150,568 Joliet
76%
145,270 Rockford
76%
89,462 Champaign
71%
112,874 Elgin
59%
150,520 Naperville
59%
87,149 Waukegan
47%
No matching quizzes found
Score Distribution
Percent of People with Each Score
Percentile by Number Answered
Your Score History
You have not taken this quiz